000 00548nam a22001817a 4500
003 OSt
005 20260305122821.0
008 260305b |||||||| |||| 00| 0 eng d
020 _a9783031672323
020 _a9783031672330
040 _cKABLIB
_dKABLIB
082 _223
_a338.5
_bMIL
100 _a Milovanska-Farringon Stefani
_eAuthor
_915609
245 _aPrinciples of Microeconomics:
_bFrom theory to practice and Applications/
_cStefani Milovanska-Farringon
300 _axxix, 408, p. ;
_c25 cm
504 _ainclude index
942 _2ddc
_cBOOK
999 _c6144
_d6144